Pamiatková zóna Mesta Skalica

Bibliographic Details
Main Author: Timko, Eduard, 1969- (Author, Photographer)
Format: Book
Language:Slovak
German
English
French
Published: Skalica Mestský úrad [2005]
ISBN:(brož.)
Edition:[1. vyd.]
Subjects:

MARC

LEADER 00000nam a2200000 a 4500
001 vtls010436745
003 SK-MaSNL
005 20260301033146.0
008 120718s2005 xo o g 000 0 slo
020 |a (brož.) 
040 |a SNK  |b slo  |c SNK  |e AACR2 
041 0 |a slo  |a ger  |a eng  |a fre 
044 |a xo  |c SK 
072 7 |a 904  |x Kultúrne pamiatky historického obdobia všeobecne  |2 konspekt 
080 |a 904  |2 2001 
080 |a (437.6)  |2 2001 
080 |a (048.8)  |2 2001 
100 1 |a Timko, Eduard,  |d 1969-  |4 aut  |4 pht  |9 114400 
245 1 0 |a Pamiatková zóna Mesta Skalica  |c [foto: Eduard Timko] 
250 |a [1. vyd.] 
260 |a Skalica  |b Mestský úrad  |c [2005] 
500 |a Názov z obalu 
500 |a Voľné dvojlisty v prebale 
546 |a Súbež. názov a text v nem., angl. a franc. 
650 0 7 |a kultúrne pamiatky  |2 SNKPH  |9 2862 
650 0 7 |a Cultural monuments  |2 SNKPHeng  |9 266481 
651 7 |a Skalica (Slovensko)  |2 SNKPH  |9 25101 
651 7 |a Skalica (Slovakia)  |2 SNKPHeng  |9 288422 
655 7 |a prehľady  |2 SNKPH  |9 70194 
655 7 |a Surveys  |2 SNKPHeng  |9 266058 
999 |c 579621  |d 581551 
952 |a SNK  |b SNK  |y PREZ  |7 0  |p 17A1031309  |o snkOSC 26077  |i snk2012/14095  |8 3  |g 2.00  |0 0  |1 0  |4 0  |d 2012-07-18  |l 0  |r 2026-02-23 14:46:31  |w 2026-02-23